00231nam a2200085Ia 450000500170000000800410001724500600005826000100011899900170012820250523155752.0250523s9999 xx 000 0 und d 0aRuby Rogers Bu Dünyada Fazlalık mıyım?cSue Limb bALTIN c12096d12096